Top 10 least populated countries in the Americas - Statistics

General Stats
  • This quiz has been taken 19 times
  • The average score is 9 of 10
Answer Stats
Answer % Correct
Dominica
95%
Bahamas
89%
Barbados
89%
Belize
89%
Grenada
89%
St Kitts and Nevis
89%
St Lucia
89%
Trinidad and Tobago
89%
Antigua and Barbuda
84%
St Vincent and the Grenadines
84%
No matching quizzes found
Score Distribution
Percent of People with Each Score
Percentile by Number Answered
Your Score History
You have not taken this quiz